|
|
|
|
| LEADER |
00000cam a2200000 c 4500 |
| 001 |
1622213378 |
| 003 |
DE-627 |
| 005 |
20220227111514.0 |
| 007 |
tu |
| 008 |
161207s2012 xxk||||| 00| ||eng c |
| 020 |
|
|
|a 9781907641107
|c Broschur
|9 978-1-907641-10-7
|
| 020 |
|
|
|a 1907641106
|9 1-907641-10-6
|
| 035 |
|
|
|a (DE-627)1622213378
|
| 035 |
|
|
|a (DE-576)48072640X
|
| 035 |
|
|
|a (DE-599)BSZ48072640X
|
| 040 |
|
|
|a DE-627
|b ger
|c DE-627
|e rda
|
| 041 |
|
|
|a eng
|
| 044 |
|
|
|c XA-GB
|
| 100 |
1 |
|
|a Gavrielides, Theo
|e VerfasserIn
|0 (DE-588)1046195905
|0 (DE-627)775889601
|0 (DE-576)275965147
|4 aut
|
| 109 |
|
|
|a Gavrielides, Theo
|
| 245 |
1 |
0 |
|a Waves of healing
|b using restorative justice with street group violence
|c Theo Gavrielides
|
| 264 |
|
1 |
|a London
|b Independent Academic Research Studies
|c 2012
|
| 300 |
|
|
|a iv, 72 Seiten
|b Illustrationen
|c 22 cm
|
| 336 |
|
|
|a Text
|b txt
|2 rdacontent
|
| 337 |
|
|
|a ohne Hilfsmittel zu benutzen
|b n
|2 rdamedia
|
| 338 |
|
|
|a Band
|b nc
|2 rdacarrier
|
| 650 |
|
0 |
|a Restorative Justice
|
| 650 |
|
0 |
|a Community-based corrections
|
| 650 |
|
0 |
|a Urban violence
|x Research
|
| 856 |
4 |
2 |
|u https://swbplus.bsz-bw.de/bsz48072640Xinh.htm
|m B:DE-576;DE-Frei85
|q application/pdf
|v 20170131164156
|x Verlag
|3 Inhaltsverzeichnis
|7 1
|
| 935 |
|
|
|a mkri
|
| 951 |
|
|
|a BO
|
| ELC |
|
|
|b 1
|
| LOK |
|
|
|0 000 xxxxxcx a22 zn 4500
|
| LOK |
|
|
|0 001 3244496024
|
| LOK |
|
|
|0 003 DE-627
|
| LOK |
|
|
|0 004 1622213378
|
| LOK |
|
|
|0 005 20170125100559
|
| LOK |
|
|
|0 008 161207||||||||||||||||ger|||||||
|
| LOK |
|
|
|0 040
|a DE-Frei85
|c DE-627
|d DE-Frei85
|
| LOK |
|
|
|0 852
|a DE-Frei85
|
| LOK |
|
|
|0 852 1
|m p
|9 00
|
| LOK |
|
|
|0 938
|k p
|
| LOK |
|
|
|0 939
|a 07-12-16
|b l01
|
| ORI |
|
|
|a SA-MARC-krimdoka001.raw
|